Manual of Clinical Problems in Internal Medicine : (Record no. 3483)
[ view plain ]
| 000 -LEADER | |
|---|---|
| fixed length control field | 01092nac a22002651u 4500 |
| 008 - FIXED-LENGTH DATA ELEMENTS--GENERAL INFORMATION | |
| fixed length control field | 100921t xxu||||| |||| 00| 0 eng d |
| 010 ## - LIBRARY OF CONGRESS CONTROL NUMBER | |
| LC control number | 74072404 |
| 020 ## - INTERNATIONAL STANDARD BOOK NUMBER | |
| International Standard Book Number | 0316807141 |
| 082 00 - DEWEY DECIMAL CLASSIFICATION NUMBER | |
| Classification number | 616.026 |
| Item number | SPI |
| 100 ## - MAIN ENTRY--PERSONAL NAME | |
| Personal name | Spivak, Jerry L. |
| 9 (RLIN) | 19648 |
| 245 10 - TITLE STATEMENT | |
| Title | Manual of Clinical Problems in Internal Medicine : |
| Remainder of title | Annotated with Key References / |
| Statement of responsibility, etc | Jerry L. Spivak, H. Verdain Barnes ; Foreword by A. McGehee Harvey. |
| 250 ## - EDITION STATEMENT | |
| Edition statement | 2nd ed. |
| 260 ## - PUBLICATION, DISTRIBUTION, ETC. (IMPRINT) | |
| Place of publication, distribution, etc | Boston : |
| Name of publisher, distributor, etc | Little, Brown, |
| Date of publication, distribution, etc | c1978. |
| 300 ## - PHYSICAL DESCRIPTION | |
| Extent | xvi, 513 p. ; |
| Dimensions | 22 cm. |
| 490 0# - Series Statement | |
| Series statement | Little, Brown's paperback book series |
| -- | 19649 |
| 500 ## - GENERAL NOTE | |
| General note | Donations. |
| 500 ## - GENERAL NOTE | |
| General note | Donations - Bibliotheca Alexandrina. |
| 504 ## - BIBLIOGRAPHY, ETC. NOTE | |
| Bibliography, etc | Includes bibliographical references and index. |
| 650 #0 - SUBJECT ADDED ENTRY--TOPICAL TERM | |
| Topical term or geographic name as entry element | Internal medicine |
| 9 (RLIN) | 19650 |
| 650 #0 - SUBJECT ADDED ENTRY--TOPICAL TERM | |
| Topical term or geographic name as entry element | Pathology. |
| 9 (RLIN) | 3807 |
| 650 #0 - SUBJECT ADDED ENTRY--TOPICAL TERM | |
| Topical term or geographic name as entry element | Diagnosis, Differential |
| 9 (RLIN) | 19647 |
| 700 1# - ADDED ENTRY--PERSONAL NAME | |
| Personal name | Barnes, H. Verdain |
| Fuller form of name | (Herman Verdain), |
| Dates associated with a name | 1935- |
| 9 (RLIN) | 19651 |
| 942 ## - ADDED ENTRY ELEMENTS (KOHA) | |
| Item type | Book - Borrowing |
| Call number prefix | 616.026 SPI |
| Source of classification or shelving scheme | Dewey Decimal Classification |
| Withdrawn status | Item status | Source of classification or shelving scheme | Damaged status | Not for loan | Home library | Current library | Shelving location | Date acquired | Source of acquisition | Total Checkouts | Full call number | Barcode | Date last seen | Koha item type |
|---|---|---|---|---|---|---|---|---|---|---|---|---|---|---|
| Dewey Decimal Classification | Central Library | Central Library | First floor | 19/04/2007 | Purchase | 616.026 SPI | 000030279 | 15/07/2025 | Book - Borrowing |